000 01453nam a2200289Ia 4500
999 _c53003
_d53003
001 20034
003 GE_BSU
005 20200604193519.0
008 181216s1989||||ge |||||||||||||| ||geo||
020 _aISBN 5-520-00579-6
040 _cGE_BSU
041 _ageo
080 _a811.353.1'282 ჯ-71
100 _aჯორბენაძე, ბესარიონ
_91214
245 _aქართული დიალექტოლოგია = Грузинская диалектология = Georgian dialectology : წ. 1 /
_cბესარიონ ჯორბენაძე ; რედაქტორი : გ. გოგოლაშვილი.
264 _aთბილისი ;
_bმეცნიერება,
_c1989.
300 _a636 გვ. ;
_e20 სმ.
504 _aბიბლიოგრაფია გვ. 589-623
520 _aრეზიუმე რუსულ და ინგლისურ ენებზე
653 _aდიალექტოლოგია
653 _aქართული დიალექტოლოგია
653 _aქართული ენა
700 _aგოგოლაშვილი, გ.
_eრედაქტორი
_91215
710 _aსაქ. სსრ მეცნიერებათა აკადემია
_98053
710 _aენათმეცნიერების ინსტიტუტი
_98296
942 _cBK
_2udc